NLSUI OPAC header image

Indian patent law - a socio legal study (Record no. 36034)

MARC details
000 -LEADER
fixed length control field 00455nam a2200157Ia 4500
008 - FIXED-LENGTH DATA ELEMENTS--GENERAL INFORMATION
fixed length control field 160316s2011 xxu||||| |||| 00| 0 eng d
082 ## - DEWEY DECIMAL CLASSIFICATION NUMBER
Classification number 346.048600
Item number RAO
100 ## - MAIN ENTRY--PERSONAL NAME
Personal name Rao Rama P.K.V.S.
245 ## - TITLE STATEMENT
Title Indian patent law - a socio legal study
250 ## - EDITION STATEMENT
Edition statement
260 ## - PUBLICATION, DISTRIBUTION, ETC.
Place of publication, distribution, etc. Visakhapatnam
Name of publisher, distributor, etc. Dr. B.R. Ambedkar College of Law, Andhra Universit
Date of publication, distribution, etc. 2011
300 ## - PHYSICAL DESCRIPTION
Extent 13
Other physical details
Dimensions
365 ## - TRADE PRICE
Price amount
650 ## - SUBJECT ADDED ENTRY--TOPICAL TERM
Topical term or geographic name entry element 1. Indian patenet law<br/>2. Socio legal study
700 ## - ADDED ENTRY--PERSONAL NAME
Personal name
--
Holdings
Withdrawn status Lost status Damaged status Not for loan Home library Current library Shelving location Date acquired Total Checkouts Full call number Barcode Date last seen Price effective from Koha item type
        NLS NLS   30/05/2017   346.0486 RAO REP11932 30/05/2017 30/05/2017 Repository